Situación actual de mercado de los materiales de riego agrícola en México / (Record no. 218786)
[ view plain ]
| 000 -CABECERA | |
|---|---|
| campo de control de longitud fija | 01799nam a2200277 a 4500 |
| 003 - IDENTIFICADOR DEL NÚMERO DE CONTROL | |
| campo de control | OSt |
| 005 - FECHA Y HORA DE LA ÚLTIMA TRANSACCIÓN | |
| campo de control | 20260210120644.0 |
| 007 - CAMPO FIJO DE DESCRIPCIÓN FÍSICA--INFORMACIÓN GENERAL | |
| campo de control de longitud fija | cr ||||||a|c|a |
| 008 - DATOS DE LONGITUD FIJA--INFORMACIÓN GENERAL | |
| campo de control de longitud fija | 230518s2019 mx a|||fom||| 001 0 spa d |
| 040 ## - FUENTE DE LA CATALOGACIÓN | |
| Normas de descripción | rda |
| 100 1# - ENTRADA PRINCIPAL--NOMBRE DE PERSONA | |
| 9 (RLIN) | 187082 |
| Nombre de persona | Gerónimo Cruz, Luis Arturo |
| 245 10 - MENCIÓN DE TÍTULO | |
| Título | Situación actual de mercado de los materiales de riego agrícola en México / |
| Mención de responsabilidad, etc. | por Luis Arturo Gerónimo Cruz; director de tesis Ma. Magdalena Sánchez Astello. |
| 264 #1 - PRODUCCIÓN, PUBLICACIÓN, DISTRIBUCIÓN, FABRICACIÓN Y COPYRIGHT | |
| Producción, publicación, distribución, fabricación y copyright | Chapingo, México : |
| Nombre del de productor, editor, distribuidor, fabricante | El autor, |
| Fecha de producción, publicación, distribución, fabricación o copyright | 2019. |
| 300 ## - DESCRIPCIÓN FÍSICA | |
| Extensión | 1 recurso en línea (116 páginas): |
| Otras características físicas | cuadros, ilustraciones, figuras. |
| 336 ## - TIPO DE CONTENIDO | |
| Fuente | rdacontent |
| Término de tipo de contenido | texto |
| Código de tipo de contenido | txt |
| 337 ## - TIPO DE MEDIO | |
| Fuente | rdamedia |
| Nombre/término del tipo de medio | computadora |
| Código del tipo de medio | c |
| 338 ## - TIPO DE SOPORTE | |
| Fuente | rdacarrier |
| Nombre/término del tipo de soporte | recurso en línea |
| Código del tipo de soporte | cr |
| 502 ## - NOTA DE TESIS | |
| Tipo de título | Ingeniería en Irrigación |
| Nombre de la institución que otorga el título | Departamento de Irrigación, |
| Año de obtención del título | 2019. |
| Información miscelánea | Licenciatura |
| 504 ## - NOTA DE BIBLIOGRAFÍA, ETC. | |
| Nota de bibliografía, etc. | Incluye referencias bibliográficas: páginas 97-99. |
| 520 ## - SUMARIO, ETC. | |
| Sumario, etc. | Esta investigación de mercado estudia el origen de los materiales de riego agrícola en México, realizar un estudio de las principales empresas nacionales y transnacionales que ofertan al mercado mexicano para abastecer la demanda del material que se usa en la implementación del riego agrícola y tener el conocimiento porque la empresa de Toro es reconocida solo por si cinta de riego T-tape en México. Estimando los volúmenes en millones de pesos que se comercializa en los materiales nos damos cuenta de que el país de México posee un gran potencial de riego por la demanda de materiales que importa al país. |
| 650 #4 - PUNTO DE ACCESO ADICIONAL DE MATERIA--TÉRMINO DE MATERIA | |
| Término de materia o nombre geográfico como elemento de entrada | Irrigación |
| Subdivisión general | Implementos y maquinaria |
| -- | Mercadeo |
| 9 (RLIN) | 187083 |
| 650 #4 - PUNTO DE ACCESO ADICIONAL DE MATERIA--TÉRMINO DE MATERIA | |
| 9 (RLIN) | 60392 |
| Término de materia o nombre geográfico como elemento de entrada | Irrigación |
| Subdivisión general | Costos |
| 700 0# - PUNTO DE ACCESO ADICIONAL--NOMBRE DE PERSONA | |
| Nombre de persona | Sánchez Astello, María Magdalena |
| Término indicativo de función/relación | Director de tesis. |
| 9 (RLIN) | 107340 |
| 856 ## - LOCALIZACIÓN Y ACCESO ELECTRÓNICOS | |
| Identificador Uniforme del Recurso | http://10.13.5.2/tesis/tl/Geronimo_Cruz_Luis_Arturo.pdf |
| Nota pública | DESCARGAR PDF |
| 942 ## - ELEMENTOS DE PUNTO DE ACCESO ADICIONAL (KOHA) | |
| Fuente del sistema de clasificación o colocación | Clasificación Universidad Autónoma Chapingo |
| Tipo de ítem Koha | Tesis digital |
| Estado de retiro | Estado de pérdida | Fuente del sistema de clasificación o colocación | Estado dañado | Restricciones de uso | No para préstamo | Código de colección | Localización permanente | Ubicación/localización actual | Ubicación en estantería | Fecha de adquisición | Total de préstamos | Signatura topográfica completa | Fecha visto por última vez | Precio válido a partir de | Tipo de ítem Koha |
|---|---|---|---|---|---|---|---|---|---|---|---|---|---|---|---|
| Clasificación Universidad Autónoma de Chapingo | Préstamo interno | Tesis digitales de Licenciatura | Biblioteca Digital | Biblioteca Digital | En línea | 18/05/2023 | Tesis digital | 18/05/2023 | 18/05/2023 | Tesis digital |
